les prénoms africains les plus présents en France - Statistiques

Statistiques générales
  • Ce quiz a été pris 787 fois
  • Le résultat moyen est 3 sur 10
Statistiques - réponses
TOP Prénoms africains % Correct
1 Mamadou
93%
3 Moussa
38%
10 Abdou
36%
4 Boubacar
23%
2 Abdoulaye
20%
5 Ousmane
19%
8 Diallo
14%
9 Souleymane
12%
7 Demba
10%
6 Dakery
5%
Aucun quiz correspondant
Distribution des résultats
% des personnes avec chaque résultat
Percentile par nombre de réponses
Votre historique - résultats
Vous n’avez pas pris ce quiz